000 00587nam a2200205Ia 4500
005 20250508164648.0
008 008 250505s9999 xx 000 0 eng d
037 _aReference
040 _aFEDL
_beng
_cFEDL
041 _aeng
_2eng
084 _a001.42, DUN/RR
_qFEDL
100 _aDunn Dana S
245 0 _aResearch methods for social psychology
260 _aMalden, USA
_bWiley- Blackwell
_c2009
300 _axxii,402p.
365 _aUSD
_b79.95
650 _aSocial psychology - Research
_913504
942 _cREF
_h001.42, DUN/RR
999 _c1390418
_d1390418